Một số thuật toán về nghiệm của đa thức và việc thể hiện nó bằng ngôn ngữ Pascal Luận văn tốt nghiệp Đại học Sư phạm ngành Toán K20

Zapisane w:
Opis bibliograficzny
1. autor: Nguyễn Hoàng Long
Format: Książka
Język:Undetermined
Wydane: Cần Thơ Trường Đại học Cần Thơ, Khoa Sư phạm, Bộ môn Toán 1998
Etykiety: Dodaj etykietę
Nie ma etykietki, Dołącz pierwszą etykiete!
Thư viện lưu trữ: Trung tâm Học liệu Trường Đại học Cần Thơ
LEADER 00755nam a2200181Ia 4500
001 CTU_25065
008 210402s9999 xx 000 0 und d
082 |a 515.7 
082 |b L431/1998 
100 |a Nguyễn Hoàng Long 
245 0 |a Một số thuật toán về nghiệm của đa thức và việc thể hiện nó bằng ngôn ngữ Pascal 
245 0 |b Luận văn tốt nghiệp Đại học Sư phạm ngành Toán K20 
245 0 |c Nguyễn Hoàng Long 
260 |a Cần Thơ 
260 |b Trường Đại học Cần Thơ, Khoa Sư phạm, Bộ môn Toán 
260 |c 1998 
904 |i Nguyễn Quang Điền, 980910 
980 |a Trung tâm Học liệu Trường Đại học Cần Thơ